[Event "KUW-ch"]
[Site "Kuwait City"]
[Date "2024.01.30"]
[Round "7"]
[White "Alruwayeh, Talal"]
[Black "Alghanim, Faisal"]
[Result "1-0"]
[WhiteElo "1407"]
[BlackElo "1280"]
[PlyCount "141"]
[EventDate "2024.01.22"]
[EventType "swiss"]
[EventRounds "9"]
[EventCountry "KUW"]
[SourceTitle "CB07_2024"]
[SourceDate "2024.02.14"]
[SourceVersion "1"]
[SourceVersionDate "2024.02.14"]
[SourceQuality "1"]

1. e4 c6 2. c4 d5 3. cxd5 cxd5 4. exd5 Nf6 5. Nc3 Nxd5 6. Qa4+ Bd7 7. Bb5 Nxc3 8. Bxd7+ Qxd7 9. Qxd7+ Nxd7 10. dxc3 Ne5 11. Ke2 Rd8 12. Be3 a6 13. Nf3 Nc4 14. Bd4 b5 15. b3 Nd6 16. Rhd1 e6 17. Bb6 Rc8 18. Rd3 Be7 19. Rad1 Rc6 20. Ba5 Nb7 21. Bb4 Bxb4 22. cxb4 Rc2+ 23. Ke1 Rc7 24. Ne5 0-0 25. Rd7 Rxd7 26. Rxd7 Nd8 27. Ra7 f6 28. Nd3 Nc6 29. Rxa6 Nd4 30. Rd6 e5 31. Kd2 Ra8 32. Nc1 Rc8 33. a4 Kf8 34. a5 Ke7 35. Rd5 Ke6 36. Rc5 Rxc5 37. bxc5 Kd5 38. b4 Kc6 39. Kc3 h5 40. f3 Ne6 41. Ne2 Nc7 42. Ng3 g6 43. Ne4 Nd5+ 44. Kb3 Kc7 45. h4 Kb7 46. Nc3 Nc7 47. Ne4 f5 48. Nc3 Kc6 49. Kc2 Na6 50. Na2 Kb7 51. Kd3 Nc7 52. Nc3 Na6 53. Nxb5 Nxb4+ 54. Kc4 Nc6 55. Nd6+ Ka6 56. Kd5 Ne7+ 57. Kxe5 Kxa5 58. Kf6 Nd5+ 59. Kxg6 Nf4+ 60. Kxf5 Nxg2 61. Kg5 Ne1 62. f4 Nd3 63. Ne4 Kb5 64. f5 Ne5 65. Kxh5 Kc6 66. Kg5 Nf3+ 67. Kg4 Ne5+ 68. Kf4 Nf7 69. h5 Kd5 70. f6 Ke6 71. Ng5+ 1-0